| 000 | 01110cam a2200325 a 4500 | ||
|---|---|---|---|
| 001 | 16511636 | ||
| 003 | 0 | ||
| 005 | 20170330125630.0 | ||
| 008 | 101021s2012 nyua 001 0 eng | ||
| 010 | _a 2010045058 | ||
| 020 | _a9780073401805 (student ed. : alk. paper) | ||
| 020 | _a0073401803 (student ed. : alk. paper) | ||
| 020 | _a9780077327019 (instructor's ed. : alk. paper) | ||
| 020 | _a0077327012 (instructor's ed. : alk. paper) | ||
| 040 | _cSPU | ||
| 050 | 0 | 0 |
_aHA29 _b.M26 2012 |
| 100 | 1 | _aLind, Douglas A. | |
| 245 | 1 | 0 |
_aStatistical techniques in business & economics / _cDouglas A. Lind, William G. Marchal, Samuel A. Wathen. |
| 246 | 3 | _aStatistical techniques in business and economics | |
| 250 | _a15th ed. | ||
| 260 |
_aNew York, NY : _bMcGraw-Hill/Irwin, _cc2012. |
||
| 300 |
_axxix, 844 p. : _bcol. ill. ; _c28 cm. |
||
| 500 | _aIncludes index. | ||
| 650 | 0 |
_aSocial sciences _xStatistical methods. |
|
| 650 | 0 |
_aEconomics _xStatistical methods. |
|
| 650 | 0 | _aCommercial statistics. | |
| 700 | 1 | _aMarchal, William G. | |
| 700 | 1 | _aWathen, Samuel Adam. | |
| 942 |
_2lcc _cBK |
||
| 999 |
_c49739 _d49739 |
||